Dalian investment guide [

Bibliographic Details
Format: Book
Published: [s.l]: Dalian Municipal Commission for Foreign Economic Relations and Trade, [1999].
Subjects:
LEADER 00483cam a2200133 7i4500
001 0000008823
005 20010307090000.0
090 0 0 |a CD-ROM 176   |b DAL 
245 0 0 |a Dalian investment guide [  |m electronic resources]. 
260 0 0 |a [s.l]:   |b Dalian Municipal Commission for Foreign Economic Relations and Trade,   |c [1999]. 
300 # # |a Electronic computer optical disc (CD-ROM). 
650 0 0 |a Investments --   |z China  
651 0 0 |a China  
999 |a 0000011977  |b CD-ROM  |c AV Collection  |e Business Information Centre